| 000 | 00504nam a2200193Ia 4500 | ||
|---|---|---|---|
| 008 | 180207s9999 xx 000 0 und d | ||
| 020 | _a9789715117999 | ||
| 050 | _bC548 2003 | ||
| 100 | _aChong, Grace D. | ||
| 245 | _aHello God! 2 : | ||
| 245 | _bchildren's prayers for every mood / | ||
| 245 | _cGrace D. Chong ; artwork by Ggie A. Bernabe. | ||
| 260 | _aNew York : | ||
| 260 | _bScholastic, | ||
| 260 | _c2003 | ||
| 300 | _aunpaged : | ||
| 300 | _bcolor illustration ; | ||
| 300 | _c23cm. | ||
| 999 |
_c355456 _d355456 |
||